Les espaces métriques : fondés sur la notion d'aire /

Guardado en:
Autor Principal: Cartan, Elie, 1869-1951.
Formato: Libro
Idioma:French
Publicado: Paris : Hermann, c1933.
Series:Actualités scientifiques et industrielles ; 72
Exposés de géométrie ; 1
Etiquetas: Agregar Etiqueta
Sin Etiquetas, Sea el primero en etiquetar este registro!
LEADER 00534nam a22001575a 4500
001 MAT.inmabb001157
008 031120s1933####fr############000#0#fre#d
005 20170811120007.0
245 1 4 |a Les espaces métriques :  |b fondés sur la notion d'aire /  |c par E. Cartan. 
260 |a Paris :  |b Hermann,  |c c1933. 
300 |a 46 p. ;  |c 26 cm. 
440 0 |a Actualités scientifiques et industrielles ;  |v 72 
440 0 |a Exposés de géométrie ;  |v 1 
100 1 |a Cartan, Elie,  |d 1869-1951. 
084 |a 53-XX  |2 msc2000 
859 |h 53  |i C322m  |p A-1163  |b BIB. MATEMATICA